NBA players with the most championships - Statistics

General Stats
  • This quiz has been taken 60 times
  • The average score is 6 of 13
Answer Stats
Rank Player % Correct
12.) Michael Jordan
98%
1.) Bill Russell
85%
13.) Scottie Pippen
71%
11.) Kareem Abdul-Jabbar
60%
5.) John Havlicek
54%
10.) Bob Cousy
50%
9.) Robert Horry
42%
4.) K.C. Jones
33%
2.) Sam Jones
33%
6.) Tom Heinsohn
21%
8.) Frank Ramsey
2%
3.) Satch Sanders
2%
7.) Jim Loscutoff
0%
No matching quizzes found
Score Distribution
Percent of People with Each Score
Percentile by Number Answered
Your Score History
You have not taken this quiz